Francuzi w Manchesterze United - nagła śmierć - Statystyki

Ogólne statystyki
  • Ten quiz został rozwiązany 61 razy
  • Średni wynik to 9 z 12
Answers on the Grid
Answers color-coded by a green-red scale on the quiz's grid according to % correct below.
Laurent Blanc
Fabien Barthez
Karim Benzema
Thierry Henry
Eric Cantona
Antoine Griezmann
Louis Saha
David Trezeguet
Eric Abidal
Robert Pires
Paul Pogba
Leny Yoro
Laurent Kościelny
David Bellion
Patrice Evra
Antony Martial
N'golo Kante
Raphael Varane
Lilian Thuram
Gabriel Obertan
Zinedine Zidane
Morgan Schneiderlin
Nicolas Anelka
Olivier Giroud
 
Statystyki odpowiedzi
Odpowiedź % Poprawnych
Eric Cantona
90%
Paul Pogba
90%
Patrice Evra
84%
Antony Martial
82%
Raphael Varane
80%
Fabien Barthez
73%
Leny Yoro
73%
Louis Saha
65%
Morgan Schneiderlin
61%
David Bellion
55%
Laurent Blanc
55%
Gabriel Obertan
53%
Nie znaleziono quizów pasujących do podanych kryteriów
Rozkład punktacji
Procent ludzi z każdym wynikiem
Percentyl według liczby udzielonych odpowiedzi
Twoja historia wyników
Nie rozwiązałeś tego quizu